000 00603nam a2200253Ia 4500
003 OSt
005 20220912145621.0
006 a|||||r|||| 00| 0
007 ta
008 220909b |||||||| |||| 00| 0 eng d
024 _a71504
037 _cTextual
040 _aCSL
_beng
_cCSL
041 _aeng
082 _aL32:4, J0
100 _aMarvin H M
245 0 _aYou and your heart
260 _c1950
300 _ap.
_ccm.
650 _aHeart disease
700 _a Jones T Duckett
942 _hL32:4, J0
_cTEXL
_2CC
999 _c34924
_d34924